| 000 | 00815nam a22001937a 4500 | ||
|---|---|---|---|
| 999 |
_c57120 _d57120 |
||
| 003 | Ge_BSU | ||
| 005 | 20191121164518.0 | ||
| 008 | 191121s2017 ge ||||| |||| 00| 0 geo d | ||
| 020 | _aთბილისი | ||
| 041 | _ageo | ||
| 080 | _a94(092)(479.22) ს-28 | ||
| 100 |
_aსართანია, დ. _95504 |
||
| 245 |
_aესკიზები ივანე ჯავახიშვილის პორტრეტისათვის / _cდ. სართანია ; რედ. რ. მეტრეველი. |
||
| 264 |
_aთბილისი : _bსაქართველოს მაცნე, _c2017. |
||
| 300 |
_a416 გვ .: _c20 სმ. |
||
| 653 | _aისტორია | ||
| 700 |
_aმეტრეველი, რ _eრედაქტორი _95505 |
||
| 942 |
_2udc _cBK |
||